| 000 | 00787nam a2200229ua 4500 | ||
|---|---|---|---|
| 003 | armpcda | ||
| 005 | 20161004114050.0 | ||
| 040 |
_aarmpcda _bspa _carmpcda |
||
| 041 | _aspa | ||
| 100 | 1 | _aJiménez Larrea, E. | |
| 245 | 1 | 0 |
_aMadrid _bel gran sur metropolitano _cE. Jiménez Larrea , F. Prats Palazuelo, F. Manchon Contreras |
| 773 | 0 |
_tCiudad y Territorio : estudios territoriales _dMadrid : Ministerio de Obras Públicas, Transporte y Medio Ambiente _gvol. 2, no. 100-101, (verano-otoño, 1994), p.473-486 |
|
| 650 | 4 | _aDESARROLLO REGIONAL | |
| 650 | 4 | _aPOLITICAS AMBIENTALES | |
| 650 | 4 | _aTRANSPORTE COLECTIVO | |
| 650 | 4 | _aGAS NATURAL | |
| 650 | 4 | _aREUTILIZACION DE AGUAS | |
| 942 |
_c _2CDU |
||
| 901 |
_an _ba |
||
| 001 | 000042 | ||
| 008 | 011101n ||||||||||||||000 | spa|| | ||
| 999 |
_c1236 _d1236 |
||